Highway materials, soils, and concretes

The book provides a clear, concise introduction to civil and highway construction materials, including soils, aggregates, asphalt mixtures, portland cement concrete, and other pavement materials

Đã lưu trong:
Bibliografiske detaljer
Hovedforfatter: Atkins, Harold N.
Format: Bog
Sprog:Undetermined
Udgivet: Upper Saddle River, New Jersey Prentice-Hall 1997
Fag:
Tags: Tilføj Tag
Ingen Tags, Vær først til at tagge denne postø!
Thư viện lưu trữ: Trung tâm Học liệu Trường Đại học Cần Thơ
LEADER 00770nam a2200205Ia 4500
001 CTU_28477
008 210402s9999 xx 000 0 und d
020 |b 1.117.000đ 
082 |a 625.8 
082 |b A873 
100 |a Atkins, Harold N. 
245 0 |a Highway materials, soils, and concretes 
245 0 |c Harold N Atkins 
260 |a Upper Saddle River, New Jersey 
260 |b Prentice-Hall 
260 |c 1997 
520 |a The book provides a clear, concise introduction to civil and highway construction materials, including soils, aggregates, asphalt mixtures, portland cement concrete, and other pavement materials 
650 |a Concrete,Pavements,Road materials,Soils 
904 |i Minh, Qhieu 
980 |a Trung tâm Học liệu Trường Đại học Cần Thơ